Sejsmologija jadernych vzryvov /

Uložené v:
Podrobná bibliografia
Hlavný autor: Rodean, Howard C. (Author)
Médium: Kniha
Jazyk:Russian
Vydané: Moskva : Mir, 1974.
Fyzický popis: 190 strán.
Tagy: Pridať tag
Žiadne tagy, Buďte prvý kto otaguje tento záznam!

MARC

LEADER 00000nam a22000002i 4500
001 000672913
005 20211203140859.0
008 211203s1974 ru e 000 0 rus d
020 |c Kčs 14,00  |q (brožované) 
040 |a SVKKK  |b slo  |c SVKKK  |e rda 
100 1 |a Rodean, Howard C.  |4 aut 
245 1 0 |a Sejsmologija jadernych vzryvov /  |c Howard C. Rodean. 
264 1 |a Moskva :  |b Mir,  |c 1974. 
300 |a 190 strán. 
336 |a text  |b txt  |2 rdacontent 
337 |a bez média  |b n  |2 rdamedia 
338 |a zväzok  |b nc  |2 rdacarrier 
500 |a Záznam revízie 
546 |a Preklad z anglického jazyka. 
910 |a svkkk 
998 |a BK 
090 |g SCKHL  |k Sklad Pribinova 2. posch.  |a III.107712  |j 527571  |i 2720818862  |4 Zastaraná  |s Vyradená